000 00573nam a2200193Ia 4500
003 GCL
008 140319s9999 xx 000 0 ara d
040 _aGCL /
_cGCL
082 0 4 _a812.9
_bن ى
100 1 _aنجيب سرور
245 1 0 _aياسين وبهية /
_cنجيب سرور
300 _a143 ص
490 _aمسرحيات عربية
_v0
650 0 4 _aالادب العربى
650 0 4 _aالمسرحيات العربية
650 0 4 _aالمسرحيات الشعرية
650 0 4 _aالادب العربى - العصر الحديث
942 _2ddc
_cBK
999 _c50541
_d50541